000
00326nam a2200133Ia 4500
100
_a
Varghese/C.D.
942
_c
BK
654
_a
electroplating
245
_a
Electroplating and other surface treatments:Practical guidep
260
_b
Tata Mc Graw hill
_c
1993
082
_a
671.732
_b
VAR
300
_a
199
546
_a
ENGLISH
999
_c
31757
_d
31757